02751 2200181 4500001002100000005001500021035002000036008003900056245013100095100002800226260006100254300002400315084001800339520216500357082000802522650001902530990002002549INLIS00000000000508620250731034252 a0010-0725000372250731 | | | 1 aPengaruh Produk, Harga dan Promosi Terhadap Minat Beli Konsumen Pada Toko Kurnia Sport Di Tenggarong /cValentine Christine PM aPM, Valentine Christine aTenggarong :bFEBIS-Universitas Kutai Kartanegara,c2019 a75 hlm. ;c21x30 cm a658 PM, P C.1 aValentine Christine P.N. (2019), with the title "The Effect of Products, Prices and promotions on Consumer Purchasing Interests in Kurnia Sport Stores in Tenggarong" under the guidance of Mr. Idham SE, M.Si Advisor Lecturer I and Mr. Syahruddin S SE., M.Sc. Supervisor II.
Kurnia Sport is one of the shops that sells women's special gymnastic equipment which was founded in 2013 by Mrs. H. Puji Lestari having her address at K.H. Achmad Muskin No. 8 Timbau Village. Kurnia Sport has 1 employee who assists in serving consumers who come with opening hours from 09.00 to 17:00 every day except Sundays.
The purpose of this study was to determine the magnitude of the effect of Product and Price variables on consumer buying interest in the Kurnia Sport Shop in Tenggarong and to find out the variables that had the most dominant influence on consumer buying interest at the Kurnia Sport Shop in Tenggarong.
In data analysis, according to the object of research to find out the magnitude of the influence of Products and Prices on consumer buying interest in the Kurnia Sport Shop in Tenggarong is a sample of 70 consumers, Multiple Regression analysis model with the help of SPSS For Window 20.1.
The results of the calculation of the F test (simultaneous correlation /together), it can be said that product variables (XI) and prices (X2) together (simultaneous) are able to show their influence on consumer buying interest. Then the first hypothesis stating "Product variables and prices are assumed to have a significant effect on consumer buying interest in the Kurnia Sport Shop in Tenggarong" is accepted and proven to be true.
From the two results of the partial correlation test above, it can be seen that the value of the product variable is the most influential compared to the price variable, so the product variable is the most dominant variable influencing consumer buying interest. From the description, it can be concluded that the second hypothesis in this study "Allegedly the Product variable has a dominant influence on Consumer Purchasing Interests in the Kurnia Sport Shop in Tenggarong" was accepted and proven true.
 a658 4aManajemen Umum a211113110008348